Statistics for Yunnan Province Quiz

Click here to take the quiz!

General Stats

  • This quiz has been taken 45 times
    (41 since last reset)
  • The average score is 10 of 13

Answer Stats

HintAnswer% Correct
Due to massive forced immigration, this ethnic group became dominant during mentioned dynasty{Han} Chinese
91%
Capital cityK{unming}
91%
The southern part of this ancient trade route went through YunnanSilk Road
91%
Yunnan only became part of China for good under this dynasty, in the 14th centuryMing
88%
Emipre from the north that conquered Yunnan in 1253Mongol Empire
88%
Road that linked a British colony to China during WWII{Burma} Road
75%
Yunnan is considered the birthplace of this aromatic beverageTea
75%
Like many provinces, Yunnan was ruled by a local general in the 1920s, hence the era was named this{Warlord} Era
75%
These are set up for agricultural purposes but look like pieces of art from aboveHonghe Hani {Rice} Terraces
72%
The Panthay Rebellion (1865-73) cost one million lives and was mainly carried out by this religious groupMuslims
72%
City that was named for a mythical Himalayan place from the novel "Lost Horizon"Shangri-La City
72%
Admiral who voyaged Southeast Asia with his Treasure FleetZheng He
69%
Area with peculiar-looking limestone formations{Stone} Forest
63%

Score Distribution

Percentile by Number Answered

Percent of People with Each Score

Your Score History

You have not taken this quiz since the last reset